Statistics for Fuse's Riddles Quiz

Click here to take the quiz!

General Stats

  • This quiz has been taken 630 times
  • The average score is 13 of 15

Answer Stats

QuestionAnswer% Correct
What kind of room has no doors or windows?Mushroom
95%
The more you take, the more you leave behind. What is it?Footsteps
94%
Paul's height is six feet. He is an assistant in a butcher's shop and wears size nine shoes. What does he weigh?Meat
93%
Which word in the dictionary is spelled wrong?Wrong
92%
I am as light as a feather, yet no man can hold me for long. What am I?Breath
91%
What is black when you buy it, red when you use it and grey when you throw it away?Charcoal
88%
David's father has three sons: Snap, Crackle and _____?David
87%
What is at the end of a rainbow?W
87%
What goes up but never comes down?Age
86%
Inside the green house is a white house. Inside the white house is a red house. Inside the red house there are lots of babies. What is it?Watermelon
83%
I have lots of holes, but I can still hold some water. What am I?Sponge
82%
Before Mount Everest was discovered, what was the tallest mountain in the world?Everest
81%
Imagine you are in a dark room. How do you get out?Stop imagining
80%
What question can you never answer yes to?Are you asleep?
76%
How many of each species did Moses take on the ark with him?0
59%

Score Distribution

Percentile by Number Answered

Percent of People with Each Score

Your Score History

You have not taken this quiz